UM Logo

Logic: (Record no. 5293)

MARC details
000 -LEADER
fixed length control field 00498nam a22001577a 4500
008 - FIXED-LENGTH DATA ELEMENTS--GENERAL INFORMATION
fixed length control field 161018b xxu||||| |||| 00| 0 eng d
020 ## - INTERNATIONAL STANDARD BOOK NUMBER
International Standard Book Number 9718210040
082 ## - DEWEY DECIMAL CLASSIFICATION NUMBER
Edition number 2000
Classification number DFil 160
Item number G93
100 ## - MAIN ENTRY--PERSONAL NAME
9 (RLIN) 16387
Personal name Gualdo, Rosendo S.
245 ## - TITLE STATEMENT
Title Logic:
Remainder of title the basics of correct reasoning/
Statement of responsibility, etc. Rosendo S. Gualdo
260 ## - PUBLICATION, DISTRIBUTION, ETC. (IMPRINT)
Place of publication, distribution, etc. Valenzuela City:
Name of publisher, distributor, etc. Mutya Publishing House,
Date of publication, distribution, etc. c2000.
300 ## - PHYSICAL DESCRIPTION
Extent 156 pages;
Dimensions 25 cm.
500 ## - GENERAL NOTE
General note Includes bibliographical references
650 #0 - SUBJECT ADDED ENTRY--TOPICAL TERM
9 (RLIN) 16388
Topical term or geographic name as entry element Logic.
942 ## - ADDED ENTRY ELEMENTS (KOHA)
Source of classification or shelving scheme Dewey Decimal Classification
Koha item type Filipiniana
Holdings
Withdrawn status Lost status Source of classification or shelving scheme Damaged status Not for loan Collection code Home library Current library Date acquired Source of acquisition Total Checkouts Full call number Barcode Date last seen Copy number Price effective from Koha item type
    Dewey Decimal Classification     Filipiniana UM Digos College - LIC UM Digos College - LIC 05/10/2000 Purchased   DFil 160 G93 2000 14172 05/15/2025 1 10/18/2016 Filipiniana
    Dewey Decimal Classification     Filipiniana UM Digos College - LIC UM Digos College - LIC 05/13/2003 Purchased   DFil 160 G93 2000 15274 05/15/2025 2 10/18/2016 Filipiniana